000
00443nam a2200145Ia 4500
008
100122s9999 xx 000 0 und d
082
_b
22225
_a
823
100
_a
भावे पु भा
245
_a
रखमाच्या मुली
260
_b
मेनका प्रकाशन
_c
1975
300
_a
108
630
_a
रखमाच्या मुली
730
_a
रखमाच्या मुली
942
_c
BOOK
999
_c
410125
_d
410122